Adhézne spájanie v automobilovom priemysle = Adhesive bonding in automotive industry : Bakalárska práca

Saved in:
Bibliographic Details
Main Author: Mikyška, Tomáš, 1986- (Author)
Other Authors: Krakovský, Filip, 1983- (xxx)
Format: Manuscript Book
Language:Slovak
Published: Trnava : STU v Bratislave MTF UVTE KZv, 2008
Subjects:
Tags: Add Tag
No Tags, Be the first to tag this record!

MARC

LEADER 00000ntm a22000003a 4500
001 stu171543
005 20160719155953.8
008 081006s2008----xo------------------slo-d
040 |a STU  |b slo 
041 0 |a slo 
044 |a xo 
100 1 |a Mikyška, Tomáš,  |d 1986-  |4 aut  |X 25225  |7 A000025225 
245 1 |a Adhézne spájanie v automobilovom priemysle = Adhesive bonding in automotive industry :  |b Bakalárska práca 
260 |a Trnava :  |b STU v Bratislave MTF UVTE KZv,  |c 2008 
300 |a 52 s  |c 1 CD-ROM 
500 |a Študijný program: výrobné technológie 
500 |a Študijný odbor: 5.2.51 výrobné technológie 
650 7 |a adhézne spoje  |2 stusub 
700 1 |a Krakovský, Filip,  |d 1983-  |4 xxx  |u M140  |T MTF Katedra zvárania  |X 28417  |U M140  |Y M140  |7 A000028417 
996 |b 284M068710  |c M*BP-3294  |l MMSKP  |s P  |a 0  |w stu171543_0001